000 00704nam a22002770a 4500
001 PT58320
003 AR-LpoUNG
005 20210131231850.0
008 191001s2013||||mx |||||||||||||||||spa d
020 _a9786074008203
_c$12,50
040 _aAR-LpoUNG
_bspa
_cAR-LpoUNG
_eaacr
041 _aspa
044 _amx
082 0 _a808.068 3 327pip
100 1 _aPauli, Lorenz
245 1 0 _a¿¿¿Pippiloteca??? :
_buna biblioteca maravillosa
250 _a1ra. ed.
260 _aMéxico, D.F. :
_bOceano,
_c2013.
300 _a[26] p. :
_bil.
650 4 _aCUENTOS
650 4 _aLITERATURA
653 _aLITERATURA INFANTIL
700 1 _aSchärer, Kathrin
905 _a58320
942 _cLIB
999 _c12300
_d12300